| 000 | 00000nam##2200000za#4500 |
| 001 | 9.642056 |
| 003 | CaOODSP |
| 005 | 20210624223521 |
| 007 | cr ||||||||||| |
| 008 | 150407|2001||||xxc|||||o f|0| 0 fre|d |
| 040 | |aCaOODSP|bfre |
| 043 | |an-cn--- |
| 086 | 1 |aR2-115/2000F-PDF |
| 110 | 1 |aCanada.|bAffaires indiennes et du Nord. |bDirection générale de la gestion de l'information. |
| 245 | 10|aCaractéristiques de la population active autochtone d'après les résultats du recensement de 1996 / |h[ressource électronique]|c[par le] Section des Statistiques sur les Premières Nations et le Nord, Direction de la gestion de l'information ministérielle. |
| 260 | |aOttawa - Ontario : |bAffaires indiennes et du Nord. |cMars 2001. |
| 300 | |a52p.|bcartes, tableaux |
| 500 | |aLe n° de catalogue (R2-115/2000) et l'ISBN (0-662-65422-6) de l'édition imprimée bilingue ont été incorrectement copiés dans l'édition électronique. |
| 590 | |a13-15-Supp|b2013-06-24 |
| 691 | 07|aAffaires autochtones|2gcpds |
| 691 | 07|aAutochtones|2gcpds |
| 691 | 07|aMain-d'oeuvre|2gcpds |
| 775 | 08|tAboriginal labour force characteristics from the 1996 census / |w(CaOODSP)9.698060 |
| 776 | 0#|tAboriginal labour force characteristics from the 1996 census |w(CaOODSP)9.662423 |
| 776 | 0#|tCaractéristiques d'activité de la population autochtone d'après les résultats du recensement de 1996 |w(CaOODSP)9.662424 |
| 856 | 40|ahttp://publications.gc.ca|qPDF|s728 Ko|uhttps://publications.gc.ca/collections/Collection/R2-115-2000F.pdf |
| 986 | |aQS-3570-001-BB-A1 |